|
|
|
|
| LEADER |
00959nas a2200253 a 4500 |
| 001 |
000608407 |
| 003 |
CZ BrMZK |
| 005 |
20060608085201.0 |
| 007 |
ta |
| 008 |
020627c20009999xr uu p 0 a0eng d |
| 020 |
|
|
|a 80-248-1066-2
|q (2006)
|
| 040 |
|
|
|a BOA001
|b cze
|
| 043 |
|
|
|a e-xr---
|b e-xr-mo
|2 czenas
|
| 245 |
0 |
0 |
|a Proceedings of ... International Carpathian control conference
|
| 246 |
3 |
3 |
|a ICCC ...
|
| 260 |
|
|
|a Ostrava :
|b VŠB-Technická univerzita
|
| 300 |
|
|
|a ^^^sv. ;
|c 23 cm
|
| 500 |
|
|
|a Jednotlivé svazky mají vlastní ISBN
|
| 710 |
2 |
|
|a Vysoká škola báňská - Technická univerzita Ostrava
|7 kn20010709483
|
| 910 |
|
|
|a BOA001
|b 2-1099.500
|r 2002-
|
| 952 |
|
|
|a e-xr-mo
|
| 990 |
|
|
|a SE
|
| 996 |
6 |
|
|b 2610164743
|c 2-1099.500
|d 2002 3
|v 3
|y 2002
|l MZK
|r Sklad / do 1 hodiny
|n 1
|p p.v.
|w 000608407
|u 000010
|a 1
|e BOA001
|j MZK50
|s P
|
| 996 |
6 |
|
|b 2610281750
|c 2-1099.500
|d 2006 7
|v 2006
|i 7
|y 2006
|l MZK
|r Sklad / do 1 hodiny
|n 0
|p p.v.
|w 000608407
|u 000020
|a 1
|e BOA001
|j MZK50
|s P
|